000 00590nam a2200205Ia 4500
005 20250508151500.0
008 008 250505s9999 xx 000 0 eng d
037 _aTextual
040 _aFEDL
_beng
_cFEDL
041 _aeng
_2eng
084 _a157.9, HAL
_qFEDL
100 _aHall Bernard H.
_987162
245 0 _aPsychiatric aide education
260 _aNew York, USA
_bGrune and Stratton
_c1952
300 _axvi,168p.
490 _aThe Manninger Clinic Monograph Series
650 _aAbnormal Psychology
942 _cTEXL
_h157.9, HAL
999 _c1330093
_d1330093